| 000 | 00418 a2200157 4500 | ||
|---|---|---|---|
| 999 |
_c533832 _d533832 |
||
| 003 | NUST | ||
| 005 | 20200122100927.0 | ||
| 008 | 200122b ||||| |||| 00| 0 eng d | ||
| 038 | _aMSOHAIL | ||
| 082 | _a343.07869 ACI | ||
| 245 | _aInternational Building Code / | ||
| 260 |
_aUSA : _cinternational Code Council inc, _b2009 |
||
| 300 |
_a675p. : _bill. ; _c30cm |
||
| 650 |
_aBuilding code _927851 |
||
| 942 |
_2ddc _cBK |
||